Food, policy, and politics (Бичлэгийн дугаар. 146188)
| 000 -УДИРДЛАГА | |
|---|---|
| Удирдлага | 00953nam a22003137a 4500 |
| 003 - ХЯНАЛТЫН ТОО ТОДОРХОЙЛОГЧ | |
| Код | MN-UlNUM |
| 005 - БИЧИЛТ ХИЙСЭН ОГНОО | |
| Тухайн бичилтийг бичсэн засварласан сүүлийн огноо | 20260115141540.0 |
| 008 - ЕРӨНХИЙ МЭДЭЭЛЭЛ | |
| Ерөнхий мэдээлэл | 260115s1989 couab||| |||| 001 0 eng | |
| 020 ## - ISBN | |
| ISBN | 0813377250 |
| 040 ## - БИЧЛЭГ ҮҮСГЭГЧ БАЙГУУЛЛАГА | |
| Бичлэг үүсгэгч номын сангийн код | МУИС-ийн номын сан |
| 084 ## - ББК АНГИЛАЛ | |
| Нэмэлт тусгалт | Бусад |
| ББК ангилал | 65.30 |
| Зохиогчийн гурван тэмдэгт | F 74 |
| Мэдлэгийн ялгаа | 65 - Эдийн засаг |
| 245 00 - ҮНДСЭН ГАРЧИГ | |
| Номын нэр | Food, policy, and politics |
| Бага гарчгийн мэдээ | A perspective on agriculture and development |
| Оролцогчдын тухай мэдээ | edited by George Horwich and Gerald J. Lynch. |
| 260 ## - ГАРАЛТЫН МЭДЭЭ | |
| Хэвлэгдсэн газар | Boulder, Colo. : |
| Хэвлэлийн газар | Westview Press, |
| Хэвлэгдсэн он | 1989. |
| 300 ## - МАТЕРИАЛЫН ТОДОРХОЙЛОЛТ | |
| хуудасны тоо | 292 p. : |
| Бусад тоон мэдээлэл | ill. ; |
| Хэмжээ | 24cm |
| 500 ## - Тайлбар | |
| Дансны дугаар | БС 5004 |
| 546 ## - ХЭЛНИЙ ТУХАЙ МЭДЭЭ | |
| Хэл | Англи хэл дээр, |
| 653 ## - Түлхүүр үг | |
| Түлхүүр үг | agriculture and state |
| 653 ## - Түлхүүр үг | |
| Түлхүүр үг | developing countries |
| 653 ## - Түлхүүр үг | |
| Түлхүүр үг | economic aspects |
| 653 ## - Түлхүүр үг | |
| Түлхүүр үг | food supply |
| 700 1# - ХАМ ЗОХИОГЧИД | |
| Ба бус | Horwich, George. |
| 700 1# - ХАМ ЗОХИОГЧИД | |
| Ба бус | Lynch, Gerald J. |
| 740 ## - НОМЫН ГАРЧИГ | |
| Гарчиг | International aspects |
| 740 ## - НОМЫН ГАРЧИГ | |
| Гарчиг | The Domestic perspective |
| 740 ## - НОМЫН ГАРЧИГ | |
| Гарчиг | Synthesis of papers |
| 942 ## - ЭЛЕМЕНТИЙН ТӨРӨЛ | |
| Зүйлийн төрөл | Ном |
